Erster Hallenkomplex fast fertig. (Titelsatznr. 371251)
[ MARC ]
| 000 -Satzkennung | |
|---|---|
| Kontrollfeld mit fester Länge | 00780nam a22001817a 4500 |
| 008 - Feld mit fester Länge zur physischen Beschreibung - Allgemeine Angaben | |
| Kontrollfeld mit fester Länge | 201127b ||||| |||| 00| 0 eng d |
| 040 ## - Katalogisierungsquelle | |
| Original-Katalogisierungsstelle | DE-2950 |
| Katalogisierungssprache | ger |
| Übertragungsstelle | DE-2950 |
| Beschreibungsfestlegungen | rda |
| 041 ## - Sprachcode | |
| Sprachcode des Textes/der Tonspur oder des separaten Titels | ger |
| 245 ## - Titel | |
| Haupttitel | Erster Hallenkomplex fast fertig. |
| Titelzusatz | Wirtschaft: Kurz vor dem Jahreswechsel geht der erste Bauabschnitt für denn Logistikpark Log Plaza an der A12 in Frankfurt auf die Zielgerade. Die größte Baustelle der Region nach Tesla wächst / |
| Zählung des Teils/der Abteilung eines Werkes | Thomas Gutke |
| 264 ## - Veröffentlichungsangabe, Vertriebsangabe, Herstellungsangabe | |
| Erscheinungs-, Vertriebs-, Herstellungsdatum | 2021 |
| 653 ## - Lokales Schlagwort | |
| Nicht-normierter Term | Frankfurt (Oder) |
| 653 ## - Lokales Schlagwort | |
| Nicht-normierter Term | Logistikzentrum |
| 773 ## - Übergeordnete Einheit | |
| Ort, Verlag und Erscheinungsjahr | Frankfurt (Oder) Märkisches Verlags- und Druckhaus GmbH & Co KG |
| Titel | Märkische Oderzeitung |
| Verknüpfungsangaben | 32. Jahrgang (2021) Nr. 296 vom 18./19.12.2021, S. 17 |
| 942 ## - Zusätzliche Felder (Koha) | |
| Koha-Medientyp | Aufsätze |
| Ausgeschieden | Verloren | Beschädigt | Nicht entleihbar | Permanenter Standort | Aktueller Standort | Aufstellungsort | Eingabedatum | Anzahl Ausleihen | Signatur | Letzte Aktivität | Preis gültig von | Medientyp |
|---|---|---|---|---|---|---|---|---|---|---|---|---|
| Stadtarchiv Frankfurt (Oder) | Archivbibliothek | Stadtarchiv Frankfurt (Oder) | Archivbibliothek | Magazin | 04/01/2022 | Z2 | 04/01/2022 | 04/01/2022 | Aufsätze |